Italienisch-Deutsch und Deutsch-Italienisch

Saved in:
Bibliographic Details
Format: Book
Language:German
Italian
Published: Berlin Axel Juncker Verlag 1937
Tags: Add Tag
No Tags, Be the first to tag this record!

MARC

LEADER 00000nam a2200000 4500
001 0312422
005 20250923095251.2
041 0 |a ger 
041 0 |a ita 
044 |a DE 
245 1 0 |a Italienisch-Deutsch und Deutsch-Italienisch  |c Pietro Stoppani 
264 1 |a Berlin  |b Axel Juncker Verlag  |c 1937